000 00322nam a22001217a 4500
008 180803b xxu||||| |||| 00| 0 eng d
082 _a813.52
245 _aNew ways of seeing: Picasso, Braque, and the Cubist Revolution
_cFrench,S
260 _c1989
300 _a1
_fCassette
440 _x037429021439
942 _2ddc
_cMX
999 _c46753
_d46753